| 000 | 00813nam a2200241Ia 4500 | ||
|---|---|---|---|
| 999 |
_c54152 _d54152 |
||
| 001 | 21208 | ||
| 003 | GE_BSU | ||
| 005 | 20210803141703.0 | ||
| 008 | 181216s ||||us |||||||||||||| ||eng|| | ||
| 020 | _a9782747220743 | ||
| 040 | _cGE_BSU | ||
| 080 | _a32(4) V-41 | ||
| 100 |
_aVerluise, Peter _912366 |
||
| 245 | 4 |
_aTHE GEOPOLITICS OF THE EUROPEAN UNION BORDERS : _bWHERE SHOULD EXPANSION STOP? / _cPeter Verluise. |
|
| 264 |
_aUSA : _bESKA Publishing, _c2014. |
||
| 300 |
_a147 p. ; _c23 cm. |
||
| 541 | _h133gel. | ||
| 653 | _aTHE GEOPOLITICS OF THE EUROPEAN UNION BORDERS | ||
| 653 | _aWHERE SHOULD EXPANSION STOP? | ||
| 653 | _aევროკავშირის საზღვრების გეოპოლიტიკა | ||
| 653 | _aპოლიტიკა | ||
| 942 |
_cBK _2udc |
||